| 000 | 00818nac a22002171u 4500 | ||
|---|---|---|---|
| 010 | _a 2002107773 | ||
| 020 | _a0155058681 | ||
| 035 | _a(DLC) 2002107773 | ||
| 082 | 0 | 0 |
_a351 _bD393 |
| 090 |
_c330 _d330 |
||
| 100 | _aDenhardt, Robert B. | ||
| 245 | 1 | 0 |
_aPublic administration : _ban action orientation. |
| 250 |
_a4th ed. / _bRobert B. Denhardt and Joseph W. Grubbs. |
||
| 260 |
_aBelmont, CA : _bWadsworth/Thomson Learning,2003. _cc2003. |
||
| 300 |
_axxi, 482 p.: _bill. ; _c25 cm. |
||
| 650 | 0 | _aPublic administration. | |
| 700 | 1 | _aGrubbs, Joseph W. | |
| 856 | 4 | 1 |
_3Table of contents _uhttp://www.loc.gov/catdir/toc/fy032/2002107773.html |
| 942 |
_cBB _k351D393 |
||
| 999 |
_c330 _d330 |
||